[Event "GER-ch U14"]
[Site "Willingen"]
[Date "2018.05.25"]
[Round "8"]
[White "Krastev, Alexander"]
[Black "Kanzow, Alexander"]
[Result "1-0"]
[WhiteElo "2211"]
[BlackElo "1730"]
[PlyCount "83"]
[EventDate "2018.05.19"]
[EventType "swiss"]
[EventRounds "9"]
[EventCountry "GER"]
[SourceTitle "CBM 184 Extra"]
[Source "ChessBase"]
[SourceDate "2018.06.28"]
[SourceVersion "1"]
[SourceVersionDate "2018.06.28"]
[SourceQuality "1"]

1. e4 e6 2. d4 d5 3. Nc3 Nf6 4. e5 Nfd7 5. f4 c5 6. Nf3 Nc6 7. Be3 Qb6 8. Na4 Qa5+ 9. c3 cxd4 10. b4 Nxb4 11. cxb4 Bxb4+ 12. Bd2 Bxd2+ 13. Nxd2 0-0 14. Be2 d3 15. Bxd3 b5 16. Nb2 Qb4 17. Qc2 Qxf4 18. Nf3 Nxe5 19. 0-0 Nc4 20. Rf2 f5 21. Re1 Qd6 22. Qc3 Bd7 23. Qd4 Rfc8 24. Bxc4 bxc4 25. Nd1 Qb6 26. Nc3 Qxd4 27. Nxd4 Kf7 28. g4 g6 29. h4 h5 30. g5 Rab8 31. Rfe2 Re8 32. Kf2 a6 33. Kg3 Rb6 34. Kf4 Reb8 35. Rd2 Re8 36. Ke5 Ke7 37. Rb1 Reb8 38. Rxb6 Rxb6 39. Nde2 Bc6 40. Nf4 Kf7 41. Nxe6 Rb8 42. Kd6 1-0

[Event "GER-ch U14"]
[Site "Willingen"]
[Date "2018.05.21"]
[Round "3"]
[White "Kanzow, Alexander"]
[Black "Astner, Sebastian"]
[Result "0-1"]
[WhiteElo "1730"]
[BlackElo "1923"]
[PlyCount "106"]
[EventDate "2018.05.19"]
[EventType "swiss"]
[EventRounds "9"]
[EventCountry "GER"]
[SourceTitle "CBM 184 Extra"]
[Source "ChessBase"]
[SourceDate "2018.06.28"]
[SourceVersion "1"]
[SourceVersionDate "2018.06.28"]
[SourceQuality "1"]

1. d4 d5 2. Nf3 Nf6 3. Bg5 Bf5 4. e3 e6 5. Bd3 Bg6 6. 0-0 Nbd7 7. Qe2 Be7 8. Nbd2 Ne4 9. Bxe7 Qxe7 10. c3 0-0 11. Ne1 Rac8 12. f3 Nxd2 13. Qxd2 Bxd3 14. Nxd3 c5 15. Rfe1 Qf6 16. Qf2 Rfd8 17. Rad1 cxd4 18. exd4 h6 19. Qg3 Rc6 20. Ne5 Nxe5 21. Qxe5 Qxe5 22. dxe5 Rc4 23. Kf2 Kf8 24. Ke3 Ke7 25. Rd3 Rdc8 26. Red1 Rh4 27. h3 Rh5 28. f4 g5 29. Re1 gxf4+ 30. Kxf4 Rf5+ 31. Kg3 Rg8+ 32. Kh2 Rf2 33. Rg1 Rxb2 34. Rd4 Rxa2 35. Rb4 b6 36. Rh4 Rg6 37. c4 Ra4 38. Rc1 Rxc4 39. Rhxc4 dxc4 40. Rxc4 Kd7 41. Rf4 Rg7 42. Rh4 a5 43. Kg1 Kc6 44. Kf2 Kd5 45. Rxh6 b5 46. g4 a4 47. Ke3 Kc4 48. Rh8 a3 49. Kd2 a2 50. Ra8 Kb3 51. Ra7 Rh7 52. Ra5 b4 53. Ra8 Rxh3 0-1

[Event "GER-chT U14"]
[Site "Duesseldorf"]
[Date "2016.12.29"]
[Round "6.1"]
[White "Kanzow, Alexander"]
[Black "Triantafillidis, Simeon"]
[Result "1/2-1/2"]
[WhiteElo "1614"]
[BlackElo "1721"]
[PlyCount "72"]
[EventDate "2016.12.27"]
[EventType "team-swiss"]
[EventRounds "7"]
[EventCountry "GER"]
[SourceTitle "EXT 2018"]
[Source "ChessBase"]
[SourceDate "2017.10.13"]
[SourceVersion "1"]
[SourceVersionDate "2017.10.13"]
[SourceQuality "1"]
[WhiteTeam "Goettingen Rochade U14"]
[BlackTeam "Biberach U14"]
[WhiteTeamCountry "GER"]
[BlackTeamCountry "GER"]

1. e4 e5 2. Nf3 Nc6 3. Bb5 a6 4. Ba4 b5 5. Bb3 Nf6 6. d4 d6 7. dxe5 dxe5 8. Qxd8+ Nxd8 9. Nxe5 Bd6 10. Nf3 Nxe4 11. Bd5 Bb7 12. Bxb7 Nxb7 13. Be3 0-0 14. Nbd2 Nxd2 15. Nxd2 Nc5 16. 0-0-0 a5 17. Bxc5 Bxc5 18. Ne4 Bb6 19. Rd2 b4 20. Rhd1 a4 21. Kb1 Rfe8 22. f3 h6 23. Nf2 Bxf2 24. Rxf2 c5 25. b3 axb3 26. cxb3 Ra5 27. Rd5 Kf8 28. Rc2 Rc8 29. Re5 g6 30. g4 f6 31. Rd5 Kf7 32. Re2 Rc7 33. f4 Re7 34. Rxe7+ Kxe7 35. f5 g5 36. h3 Rb5 1/2-1/2

[Event "GER-ch U12"]
[Site "Willingen"]
[Date "2016.05.20"]
[Round "10"]
[White "Parshykov, Edgar"]
[Black "Kanzow, Alexander"]
[Result "1-0"]
[WhiteElo "1599"]
[BlackElo "1421"]
[PlyCount "137"]
[EventDate "2016.05.15"]
[EventType "swiss"]
[EventRounds "11"]
[EventCountry "GER"]
[SourceTitle "CBM 172 Extra"]
[Source "ChessBase"]
[SourceDate "2016.06.21"]
[SourceVersion "1"]
[SourceVersionDate "2016.06.21"]
[SourceQuality "1"]

1. d4 d5 2. Nf3 Nf6 3. Bg5 e6 4. e3 Be7 5. c4 c6 6. Nc3 0-0 7. Bd3 Nbd7 8. 0-0 b6 9. Qe2 Bb7 10. Rac1 Rc8 11. Rfd1 Qc7 12. cxd5 exd5 13. Nb5 Qb8 14. Bf4 Qa8 15. Nc7 Qb8 16. Ne6 Bd6 17. Nxf8 Rxf8 18. Bxd6 Qxd6 19. Bf5 Re8 20. Qc2 h6 21. Qa4 a5 22. Bd3 Ne4 23. h3 Ndf6 24. Ne5 Rc8 25. Qa3 Qxa3 26. bxa3 b5 27. f3 Nd6 28. a4 Nc4 29. axb5 cxb5 30. Kf2 Ba6 31. e4 g6 32. exd5 Nxd5 33. Nxc4 bxc4 34. Be4 Nf6 35. Bb1 Kf8 36. Ke3 Nd5+ 37. Kf2 Ke7 38. Be4 Kd6 39. Bxd5 Kxd5 40. Rc3 Rb8 41. Rd2 h5 42. Ra3 Rb5 43. Ke3 g5 44. f4 f6 45. fxg5 fxg5 46. Rc2 Bc8 47. Ra4 Bf5 48. Rcxc4 Bd7 49. Kd3 Bf5+ 50. Kc3 Bd7 51. Ra3 h4 52. Rc5+ Rxc5+ 53. dxc5 a4 54. Kb4 Bc6 55. Rxa4 Bxa4 56. Kxa4 Kxc5 57. Kb3 Kd4 58. a4 Ke3 59. a5 Kf2 60. a6 Kxg2 61. a7 Kxh3 62. a8Q g4 63. Qh1+ Kg3 64. Kc3 h3 65. Qg1+ Kf3 66. Kd3 g3 67. Qf1+ Kg4 68. Ke3 h2 69. Qg2 1-0

[Event "GER-ch U12"]
[Site "Willingen"]
[Date "2016.05.18"]
[Round "7"]
[White "Kanzow, Alexander"]
[Black "Ewerhardy, Moritz"]
[Result "1/2-1/2"]
[WhiteElo "1421"]
[BlackElo "1387"]
[PlyCount "68"]
[EventDate "2016.05.15"]
[EventType "swiss"]
[EventRounds "11"]
[EventCountry "GER"]
[SourceTitle "CBM 172 Extra"]
[Source "ChessBase"]
[SourceDate "2016.06.21"]
[SourceVersion "1"]
[SourceVersionDate "2016.06.21"]
[SourceQuality "1"]

1. e4 c5 2. Nf3 d6 3. d4 cxd4 4. Nxd4 Nf6 5. Nc3 g6 6. Bc4 Bg7 7. Be3 0-0 8. f3 Nc6 9. Qd2 Bd7 10. 0-0-0 Rc8 11. Bb3 Ne5 12. g4 Qa5 13. Kb1 h5 14. g5 Nh7 15. Nd5 Qd8 16. h4 Re8 17. Bf4 Nc6 18. Nxc6 bxc6 19. Nc3 Nf8 20. Be3 Ne6 21. Ne2 c5 22. Bc4 Qb6 23. c3 Bb5 24. Bxe6 fxe6 25. Nf4 Kf7 26. Qc2 Rg8 27. Rd2 Qa6 28. Rhd1 Bc4 29. b3 Rb8 30. Kb2 Qc6 31. Kc1 Bb5 32. c4 Ba6 33. Rd3 Bc8 34. Bd2 Bd7 1/2-1/2

[Event "GER-ch U12"]
[Site "Willingen"]
[Date "2016.05.17"]
[Round "5"]
[White "Kanzow, Alexander"]
[Black "Maas, Kolja"]
[Result "1/2-1/2"]
[WhiteElo "1421"]
[BlackElo "1432"]
[PlyCount "99"]
[EventDate "2016.05.15"]
[EventType "swiss"]
[EventRounds "11"]
[EventCountry "GER"]
[SourceTitle "CBM 172 Extra"]
[Source "ChessBase"]
[SourceDate "2016.06.21"]
[SourceVersion "1"]
[SourceVersionDate "2016.06.21"]
[SourceQuality "1"]

1. e4 e6 2. d4 d5 3. Nc3 dxe4 4. Nxe4 Qd5 5. Bd3 Be7 6. Nf3 Nf6 7. Nxf6+ Bxf6 8. c4 Qd8 9. Be3 0-0 10. 0-0 Nd7 11. Qc2 g6 12. Bh6 Re8 13. Rfe1 c5 14. d5 Nb6 15. dxe6 Bxe6 16. Rad1 Qc7 17. Re2 Bd7 18. Rde1 Rxe2 19. Qxe2 Bg7 20. Bxg7 Kxg7 21. Qe5+ Qxe5 22. Rxe5 Rc8 23. b3 Be6 24. Kf1 Nd7 25. Re3 h6 26. Ke2 b6 27. Nd2 Nf6 28. f3 h5 29. h4 Re8 30. Ne4 Nxe4 31. Bxe4 Rd8 32. Rd3 Rxd3 33. Bxd3 f5 34. f4 Kf6 35. g3 Bd7 36. a4 a5 37. Ke3 Ke6 38. Be2 Bc6 39. Bd3 Bg2 40. Be2 Bh3 41. Bd3 Bg2 42. Be2 Bc6 43. Bd3 Bd7 44. Be2 Kd6 45. Bf3 Be6 46. Be2 Bf7 47. Bd3 Be8 48. Be2 Bc6 49. Bf3 Bd7 50. Be2 1/2-1/2

[Event "GER-ch U12"]
[Site "Willingen"]
[Date "2016.05.16"]
[Round "3"]
[White "Kosev, Momchil"]
[Black "Kanzow, Alexander"]
[Result "1-0"]
[WhiteElo "1693"]
[BlackElo "1421"]
[PlyCount "103"]
[EventDate "2016.05.15"]
[EventType "swiss"]
[EventRounds "11"]
[EventCountry "GER"]
[SourceTitle "CBM 172 Extra"]
[Source "ChessBase"]
[SourceDate "2016.06.21"]
[SourceVersion "1"]
[SourceVersionDate "2016.06.21"]
[SourceQuality "1"]

1. Nf3 d5 2. g3 Bf5 3. Bg2 e6 4. c4 c6 5. 0-0 Nf6 6. d4 Bd6 7. Nc3 Nbd7 8. h3 h6 9. b3 g5 10. Nd2 Bb4 11. Bb2 Bxc3 12. Bxc3 Rh7 13. Re1 Qc7 14. e4 dxe4 15. Nxe4 Nxe4 16. Bxe4 Bxe4 17. Rxe4 0-0-0 18. Qc2 Nf6 19. Ree1 Rg7 20. d5 Qe7 21. d6 Rxd6 22. Bb4 Rg8 23. Bxd6 Qxd6 24. Rad1 Qe7 25. Qd2 Rd8 26. Qe2 Rxd1 27. Rxd1 Nd7 28. Qe3 b6 29. Qd4 f6 30. Kg2 Kc7 31. Qc3 c5 32. Qf3 Qe8 33. a4 a5 34. Qd3 Qe7 35. Qe4 Qe8 36. Qh7 Qa8+ 37. f3 Qc6 38. Qxh6 Kb7 39. Qh7 Kc7 40. Qe4 Qxe4 41. fxe4 Kd8 42. Kf3 Ke7 43. h4 Ne5+ 44. Ke3 Ng4+ 45. Ke2 gxh4 46. gxh4 f5 47. exf5 exf5 48. Kf3 Ke6 49. Kf4 Nf6 50. Re1+ Ne4 51. Rxe4+ fxe4 52. Kxe4 1-0

[Event "GER-chT North U12"]
[Site "Magdeburg"]
[Date "2014.09.12"]
[Round "3.2"]
[White "Rietschel, Tilo"]
[Black "Kanzow, Alexander"]
[Result "0-1"]
[WhiteElo "1306"]
[BlackElo "1110"]
[PlyCount "46"]
[EventDate "2014.09.11"]
[EventType "team-swiss"]
[EventRounds "7"]
[EventCountry "GER"]
[SourceTitle "EXT 2016"]
[Source "ChessBase"]
[SourceDate "2015.10.08"]
[SourceVersion "1"]
[SourceVersionDate "2015.10.08"]
[SourceQuality "1"]
[WhiteTeam "Luebeck"]
[BlackTeam "Gottingen Rochade"]
[WhiteTeamCountry "GER"]
[BlackTeamCountry "GER"]

1. c4 e5 2. Nc3 Nf6 3. d3 Bc5 4. Nf3 d6 5. Bg5 Be6 6. a3 a5 7. e3 Nc6 8. Be2 Qe7 9. 0-0 h6 10. Bh4 g5 11. Nxg5 hxg5 12. Bxg5 Rg8 13. Ne4 Rxg5 14. Nxg5 Kd7 15. Bf3 Rg8 16. Nxe6 fxe6 17. h3 Qh7 18. Kh2 d5 19. cxd5 exd5 20. Qb3 e4 21. Be2 Bd6+ 22. Kh1 Rxg2 23. Bg4+ Rxg4 0-1

[Event "Niedersachsen-ch U10"]
[Site "Norderney"]
[Date "2014.04.15"]
[Round "8"]
[White "Schwabenland, Max"]
[Black "Kanzow, Alexander"]
[Result "1-0"]
[WhiteElo "1076"]
[BlackElo "862"]
[PlyCount "101"]
[EventDate "2014.04.??"]
[EventType "swiss"]
[EventRounds "11"]
[EventCountry "GER"]
[SourceTitle "EXT 2017"]
[Source "ChessBase"]
[SourceDate "2016.10.25"]
[SourceVersion "1"]
[SourceVersionDate "2016.10.25"]
[SourceQuality "1"]

1. f4 e5 2. fxe5 d6 3. exd6 Bxd6 4. Nf3 Nc6 5. b3 Nf6 6. Bb2 0-0 7. e3 Bg4 8. Bb5 a6 9. Bxc6 bxc6 10. 0-0 Nd7 11. d3 Be5 12. Bxe5 Nxe5 13. Nbd2 Qf6 14. d4 Nxf3+ 15. Nxf3 Rfe8 16. Qd2 Qe6 17. Rae1 h6 18. Ne5 Rf8 19. Rf4 Bf5 20. Ref1 Bg6 21. Nxg6 fxg6 22. Rxf8+ Rxf8 23. Rxf8+ Kxf8 24. c4 Ke8 25. Qd3 Kd7 26. e4 Qf6 27. e5 Qf5 28. Qxf5+ gxf5 29. Kf2 Ke6 30. Kf3 c5 31. Ke3 g5 32. g3 h5 33. a3 c6 34. b4 cxb4 35. axb4 g4 36. Kf4 h4 37. gxh4 c5 38. dxc5 Kd7 39. h5 Ke7 40. c6 g3 41. hxg3 Kd8 42. h6 Kc7 43. h7 a5 44. bxa5 Kxc6 45. h8Q Kc7 46. e6 Kd6 47. Qe5+ Ke7 48. c5 Kd8 49. e7+ Ke8 50. c6 Kf7 51. e8Q# 1-0

[Event "Niedersachsen-ch U10"]
[Site "Norderney"]
[Date "2014.04.12"]
[Round "2"]
[White "Lindemann, Jarno"]
[Black "Kanzow, Alexander"]
[Result "0-1"]
[WhiteElo "1025"]
[BlackElo "862"]
[PlyCount "116"]
[EventDate "2014.04.??"]
[EventType "swiss"]
[EventRounds "11"]
[EventCountry "GER"]
[SourceTitle "EXT 2017"]
[Source "ChessBase"]
[SourceDate "2016.10.25"]
[SourceVersion "1"]
[SourceVersionDate "2016.10.25"]
[SourceQuality "1"]

1. e4 e5 2. Bc4 Nc6 3. Nf3 Bc5 4. d3 d6 5. Bg5 Nf6 6. Nbd2 Bg4 7. h3 Bxf3 8. Nxf3 Qe7 9. Qd2 h6 10. Bh4 g5 11. Bg3 0-0-0 12. 0-0-0 d5 13. exd5 Nxd5 14. Rde1 f6 15. h4 Qd7 16. hxg5 hxg5 17. Re2 Rxh1+ 18. Re1 Rxe1+ 19. Qxe1 Ndb4 20. Qe4 Nd4 21. c3 Nxf3 22. cxb4 Bxb4 23. Ba6 c6 24. Bxb7+ Qxb7 25. Qxf3 Qd7 26. Kc2 g4 27. Qe3 e4 28. Qxe4 Bd6 29. Bxd6 Qxd6 30. Qf5+ Kc7 31. Qa5+ Kb7 32. Qc3 c5 33. Qb3+ Qb6 34. Qf7+ Ka6 35. Qc4+ Qb5 36. Qe6+ Ka5 37. Qe1+ Qb4 38. Qe7 Ra8 39. Qc7+ Qb6 40. Qf7 Rb8 41. b3 Rb7 42. Qc4 Qb4 43. Qd5 Rb6 44. Qd7 Ka6 45. Qc8+ Rb7 46. Qc6+ Qb6 47. Qa4+ Qa5 48. Qc4+ Kb6 49. Qe6+ Kc7 50. Qe7+ Kc8 51. Qf8+ Qd8 52. Qxc5+ Rc7 53. Qxc7+ Qxc7+ 54. Kd2 Kd7 55. g3 Ke6 56. a4 Ke5 57. Ke3 Qc5+ 58. Ke2 Kd4 0-1